000 00893nam a2200169 i 4500
001 152561
003 ES-MaACL
005 20230906204808.0
008 931025s1898 cu |||| | spa d
100 1 _aBourinot, John Georges.
_931003
245 1 0 _aComo se gobierna el Canada
_b: Relación ... de las instituciones ejecutiva, legislativa, judicial y municipal con un bosquejo histórico de su origen y desarrollo /
_cpor John Georges Bourinot ; traducida por José Lorenzo Odoardo ; prologo de Antonio Govin y Torres.
260 _aHabana :
_b[s.n.],
_c1898 (
_f"La Propaganda Literaria")
300 _aXV, 272 p. ;
_c19 cm.
700 0 _aOdoardo, José Lorenzo.
_986531
700 1 _aGovin y Torres, Antonio.
_959382
852 _aES-MaACL
_jT-808-F-5
_z-- Enc. hol. conservando la cub. original
_z-- Enc. en un vol. facticio
_x-- Edic.: Precede al tit.: Biblioteca de La Propaganda Literaria
999 _c152561
_d152561